The V-22 Osprey : costs, capabilities, and challenges : hearing before the Committee on Oversight and Government Reform, House of Representatives, One Hundred Eleventh Congress, first session, June 23, 2009.

Bibliographic Details
Corporate Author: United States. Congress. House. Committee on Oversight and Government Reform
Format: Government Document eBook
Language:English
Published: Washington : U.S. G.P.O., 2009.
Subjects:
Online Access:Electronic resource (PDF)

MARC

Tag First Indicator Second Indicator Subfields
LEADER 00000cam a22000001a 4500
001 in00004100686
005 20200117091339.0
006 m d f
007 cr bn mmmapmmp
008 100630s2009 dcua o f000 0 eng d
035 |a chdc201000641 
040 |a UMI  |c UMI  |d UtOrBLW 
042 |a pcc 
043 |a n-us--- 
074 |a 1016-A 
086 0 |a Y 4.G 74/7:111-32 
088 |a Serial no. 111-32 (United States. Congress. House. Committee on Oversight and Government Reform) 
110 1 |a United States.  |b Congress.  |b House.  |b Committee on Oversight and Government Reform.  |0 http://id.loc.gov/authorities/names/no2007034839 
245 1 4 |a The V-22 Osprey :  |b costs, capabilities, and challenges : hearing before the Committee on Oversight and Government Reform, House of Representatives, One Hundred Eleventh Congress, first session, June 23, 2009. 
246 3 |a V 22 Osprey 
264 1 |a Washington :  |b U.S. G.P.O.,  |c 2009. 
264 2 |a Washington :  |b For sale by the Supt. of Docs., U.S. G.P.O. 
300 |a iii, 98 pages :  |b illustrations, digital, PDF file. 
336 |a text  |b txt  |2 rdacontent 
337 |a computer  |b c  |2 rdamedia 
338 |a online resource  |b cr  |2 rdacarrier 
500 |a Shipping list number: 2010-0130-P. 
500 |a "Serial number 111-32." 
500 |a Record is based on bibliographic data in ProQuest Congressional Hearings Digital Collection. Reuse except for individual research requires license from ProQuest, LLC. 
500 |a Electronic resource. 
533 |a Electronic reproduction.  |b [Bethesda, Md.] :  |c ProQuest,  |d 2010.  |e digital, PDF file.  |n ProQuest U.S. Congressional Hearings Digital Collection.  |n Mode of access: World Wide Web via ProQuest website. 
538 |a System requirements: PDF reader software. 
650 0 |a V-22 Osprey (Transport plane)  |0 http://id.loc.gov/authorities/subjects/sh91003956 
650 0 |a Airplanes, Military  |z United States. 
776 0 8 |i Print version:   |a United States. Congress. House. Committee on Oversight and Government Reform.  |t V-22 Osprey  |w 9780160852039  |w 016085203X  |w (OCoLC)ocn606592366  |z 2010443572 
776 0 8 |i Microfiche version:   |a United States. Congress. House. Committee on Oversight and Government Reform.  |t V-22 Osprey  |d [Bethesda, Md.] : ProQuest,[2010]  |o CIS 2010 H601-50  |w (ProQuest)cis01001194  
856 4 0 |u http://proxy.library.tamu.edu/login?url=http://search.proquest.com/congcomp/getdoc?HEARING-ID=HRG-2009-CGR-0029  |y Electronic resource (PDF)  |t 0 
998 |a cis01001194  
999 f f |s ebe9e99f-7672-3122-b682-03e8aac09cf0  |i 4ae9ab34-5742-3093-85cc-b3fede05eff1  |t 0 
952 f f |a Texas A&M University  |b College Station  |c Electronic Resources  |d Available Online  |t 0  |e Y 4.G 74/7:111-32  |h Superintendent of Documents classification 
998 f f |a Y 4.G 74/7:111-32  |t 0  |l Available Online